Online
Catalog

Curso básico de lengua española para un aprendizaje activo / (Record no. 3124)

MARC details
000 -CABECERA
campo de control de longitud fija 01204nam a2200253 a 4500
001 - NÚMERO DE CONTROL
campo de control 000003293
005 - FECHA Y HORA DE LA ÚLTIMA TRANSACCIÓN
campo de control 20200929150415.0
008 - DATOS DE LONGITUD FIJA--INFORMACIÓN GENERAL
campo de control de longitud fija 090824s2015 dr 001 0 spa d
020 ## - NÚMERO INTERNACIONAL ESTÁNDAR DEL LIBRO
Número Internacional Estándar del Libro 9789945166521
040 ## - FUENTE DE LA CATALOGACIÓN
Centro catalogador/agencia de origen DO-SdBNP
Lengua de catalogación spa
Centro/agencia transcriptor BNPHU
082 ## - NÚMERO DE LA CLASIFICACIÓN DECIMAL DEWEY
Número de clasificación 460.7
Número de documento/Ítem A475c, 2015
100 1# - ENTRADA PRINCIPAL--NOMBRE DE PERSONA
Nombre de persona Alvino Romero, Sonia
9 (RLIN) 520
245 10 - MENCIÓN DE TÍTULO
Título Curso básico de lengua española para un aprendizaje activo /
Mención de responsabilidad, etc. Sonia Alvino Romero.
250 ## - MENCIÓN DE EDICIÓN
Mención de edición 2a ed.
260 ## - PUBLICACIÓN, DISTRIBUCIÓN, ETC.
Lugar de publicación, distribución, etc. Santo Domingo :
Nombre del editor, distribuidor, etc. Búho,
Fecha de publicación, distribución, etc. 2015.
300 ## - DESCRIPCIÓN FÍSICA
Extensión 145 p. ;
Dimensiones 28 cm.
504 ## - NOTA DE BIBLIOGRAFÍA, ETC.
Nota de bibliografía, etc. Bibliografía : p. 143-145
505 0# - NOTA DE CONTENIDO CON FORMATO
Título La comunicación es importante --
-- La lectura --
-- La lengua --
-- La oración --
-- El resumen --
-- Uso de las formas verbales --
-- La palabra --
-- La acentuación --
-- Uso de la letra mayúsculas --
-- Los signos de puntuación --
-- La bibliografía --
-- La narración --
-- La descripción
-- El párrafo --
-- La exposición --
-- Textos para lectura--
-- Bibliografía
650 #4 - PUNTO DE ACCESO ADICIONAL DE MATERIA--TÉRMINO DE MATERIA
Término de materia o nombre geográfico como elemento de entrada Español
Subdivisión general Estudio y enseñanza
9 (RLIN) 521
650 #4 - PUNTO DE ACCESO ADICIONAL DE MATERIA--TÉRMINO DE MATERIA
Término de materia o nombre geográfico como elemento de entrada Español
Subdivisión general Ejercicios de redacción
9 (RLIN) 522
650 #4 - PUNTO DE ACCESO ADICIONAL DE MATERIA--TÉRMINO DE MATERIA
Término de materia o nombre geográfico como elemento de entrada Español
Subdivisión general Gramática
-- Estudio y enseñanza
9 (RLIN) 524
650 #4 - PUNTO DE ACCESO ADICIONAL DE MATERIA--TÉRMINO DE MATERIA
Término de materia o nombre geográfico como elemento de entrada Español
Subdivisión general Gramática
-- Ejercicios de redacción
9 (RLIN) 525
910 ## - DATOS DE OPCIÓN DEL USUARIO (OCLC)
Datos de opción del usuario Validado. Control de calidad MFF
Holdings
Estado de retiro Estado de pérdida No para préstamo Código de colección Localización permanente Ubicación/localización actual Ubicación en estantería Fecha de adquisición Número de inventario Total de préstamos Signatura topográfica completa Código de barras Fecha visto por última vez Precio válido a partir de Tipo de ítem Koha Número de copia Restricciones de uso
    Excluido de préstamo Patrimonio Dominicano Patrimonio Dominicano Patrimonio Dominicano Depósito 07.07.2009 LF1   460.7 A475c, 2015 3293-10 25.06.2020 25.06.2020 Libro y Folleto Colección Patrimonio Dominicano    
    Excluido de préstamo Patrimonio Dominicano Patrimonio Dominicano Patrimonio Dominicano Depósito 07.07.2009 LF1   460.7 A475c, 2015 3293-20 25.06.2020 25.06.2020 Libro y Folleto Colección Patrimonio Dominicano e. 2  
      Dominicana de Servicio Patrimonio Dominicano Patrimonio Dominicano Depósito 07.07.2009 LF1   460.7 A475c, 2015 3293-30 25.06.2020 25.06.2020 Libro y Folleto Colección Dominicana de Servicio e. 3  
    Excluido de préstamo Dominicana de Servicio Patrimonio Dominicano Patrimonio Dominicano Depósito 22.08.2018 LF1   460.7 A475c, 2015 3293-40 25.06.2020 25.06.2020 Libro y Folleto Colección Dominicana de Servicio e.4  
    Excluido de préstamo Dominicana de Servicio Patrimonio Dominicano Patrimonio Dominicano Depósito 22.08.2018 LF1   460.7 A475c, 2015 3293-50 25.06.2020 25.06.2020 Libro y Folleto Colección Dominicana de Servicio e.5  

Powered by Koha